[Event "Lugano op 10"]
[Site "Lugano"]
[Date "2021.10.31"]
[Round "4"]
[White "Graf, Stefan"]
[Black "Cusini, Mattia"]
[Result "1-0"]
[WhiteElo "1683"]
[BlackElo "1365"]
[PlyCount "113"]
[EventDate "2021.10.29"]
[EventType "swiss"]
[EventRounds "5"]
[EventCountry "SUI"]
[SourceTitle "CBM 205 Extra"]
[Source "ChessBase"]
[SourceDate "2022.01.31"]
[SourceVersion "1"]
[SourceVersionDate "2022.01.31"]
[SourceQuality "1"]

1. c4 c5 2. Nc3 e6 3. e4 Nc6 4. Nf3 Nf6 5. d3 d6 6. Be2 Be7 7. 0-0 0-0 8. a3 a6 9. Rb1 Rb8 10. b4 b6 11. b5 Na7 12. a4 a5 13. e5 dxe5 14. Nxe5 Bb7 15. Bf3 Bxf3 16. Qxf3 Qc7 17. Ng4 Nxg4 18. Qxg4 Bf6 19. Ne4 Qe7 20. Nxf6+ Qxf6 21. Bb2 Qg6 22. Qf3 Rfd8 23. Rbd1 Rd7 24. Rfe1 Rbd8 25. Re3 Nc8 26. Qe2 Rd4 27. Bxd4 Rxd4 28. Rg3 Qf6 29. Re1 Nd6 30. Rf3 Nf5 31. Qe5 Qxe5 32. Rxe5 g6 33. Kf1 Rd6 34. g4 Nd4 35. Rg3 Nc2 36. h4 Nb4 37. Ke2 Nc2 38. Kd2 Nd4 39. h5 Nb3+ 40. Kc3 Nd4 41. hxg6 hxg6 42. Rh3 Kg7 43. Ree3 f6 44. Rh4 e5 45. Reh3 Kf7 46. Rh7+ Ke6 47. Rg7 Ne2+ 48. Kd2 Nf4 49. Rhh7 Rxd3+ 50. Kc2 Rd8 51. Rb7 e4 52. Rxb6+ Ke5 53. Re7+ Kd4 54. Rxf6 Nd3 55. b6 Nb4+ 56. Kb2 Rh8 57. Rd6+ 1-0

[Event "Lugano op 15th"]
[Site "Lugano"]
[Date "2012.11.03"]
[Round "5"]
[White "Filippini, Emanuele"]
[Black "Graf, Stefan"]
[Result "1-0"]
[WhiteElo "1823"]
[BlackElo "1652"]
[PlyCount "51"]
[EventDate "2012.11.01"]
[EventType "swiss"]
[EventRounds "7"]
[EventCountry "SUI"]
[SourceTitle "EXT 2013"]
[Source "ChessBase"]
[SourceDate "2012.11.22"]
[SourceVersion "1"]
[SourceVersionDate "2012.11.22"]
[SourceQuality "1"]

1. d4 d5 2. c4 e5 3. dxe5 d4 4. Nf3 Nc6 5. g3 Be6 6. b3 Bb4+ 7. Bd2 Bxd2+ 8. Nbxd2 Qd7 9. Bg2 0-0-0 10. Ng5 Nxe5 11. Nxe6 Qxe6 12. 0-0 f5 13. Nf3 Nxf3+ 14. Bxf3 Nf6 15. Qc2 g6 16. Rad1 Rhe8 17. Rfe1 h5 18. h4 Ng4 19. Qc1 Qf6 20. Qf4 Ne5 21. Be4 Nxc4 22. Bxb7+ Kxb7 23. bxc4 c5 24. Rb1+ Ka8 25. Qc7 Rc8 26. Qb7# 1-0

[Event "Lugano op 15th"]
[Site "Lugano"]
[Date "2012.11.03"]
[Round "4"]
[White "Grigioni, Giulio"]
[Black "Graf, Stefan"]
[Result "1/2-1/2"]
[WhiteElo "1825"]
[BlackElo "1652"]
[PlyCount "58"]
[EventDate "2012.11.01"]
[EventType "swiss"]
[EventRounds "7"]
[EventCountry "SUI"]
[SourceTitle "EXT 2013"]
[Source "ChessBase"]
[SourceDate "2012.11.22"]
[SourceVersion "1"]
[SourceVersionDate "2012.11.22"]
[SourceQuality "1"]

1. e4 e5 2. Bc4 Nf6 3. Nc3 Bc5 4. Nf3 Nc6 5. d3 h6 6. Be3 Bxe3 7. fxe3 d6 8. 0-0 0-0 9. Qd2 Na5 10. Bb3 Nxb3 11. axb3 Be6 12. Ne2 Re8 13. Ng3 a6 14. b4 b5 15. c3 Bc8 16. b3 Bb7 17. Nf5 c5 18. g4 Nh7 19. Qf2 Qf6 20. h4 cxb4 21. c4 bxc4 22. bxc4 Rec8 23. Nd2 Rc7 24. Qg3 g5 25. Nb3 Rac8 26. Na5 Ba8 27. Nb3 Bb7 28. Na5 Ba8 29. Nb3 Bb7 1/2-1/2

[Event "SVK-chT1W 1112"]
[Site "Slovakia"]
[Date "2012.02.04"]
[Round "8.5"]
[White "Cajka, Tibor"]
[Black "Graf, Stefan"]
[Result "1-0"]
[WhiteElo "2140"]
[BlackElo "1993"]
[PlyCount "83"]
[EventDate "2011.10.15"]
[EventType "team-tourn"]
[EventRounds "11"]
[EventCountry "SVK"]
[SourceTitle "EXT 2013"]
[Source "ChessBase"]
[SourceDate "2012.11.22"]
[SourceVersion "1"]
[SourceVersionDate "2012.11.22"]
[SourceQuality "1"]
[WhiteTeam "Osuske"]
[BlackTeam "Komarno"]
[WhiteTeamCountry "SVK"]
[BlackTeamCountry "SVK"]

1. e4 c6 2. d4 d5 3. e5 Bf5 4. Nc3 e6 5. g4 Bg6 6. Nge2 c5 7. h4 h5 8. Nf4 cxd4 9. Nxg6 fxg6 10. Qxd4 Nc6 11. Bb5 Qb6 12. Qxb6 axb6 13. Bf4 Nge7 14. f3 Kf7 15. 0-0-0 Nc8 16. a3 Be7 17. Bg3 N8a7 18. Bd3 Bc5 19. Ne2 b5 20. b4 Be3+ 21. Kb2 Nd4 22. Bxg6+ Kxg6 23. Nxd4 Bxd4+ 24. Rxd4 Nc6 25. Rd3 Rac8 26. Rhd1 Ne7 27. Bf2 Rc4 28. Rc3 hxg4 29. Rxc4 bxc4 30. fxg4 b5 31. a4 bxa4 32. Ka3 Ra8 33. b5 Rb8 34. Bc5 Kf7 35. Kxa4 Ng6 36. Rf1+ Kg8 37. Bd6 Ra8+ 38. Kb4 Nxh4 39. b6 Ra2 40. Kb5 Rxc2 41. b7 Rb2+ 42. Bb4 1-0